Statistiques concernant Cette année-là: 1817

Cliquez ici pour prendre le quiz!

Statistiques générales

  • Ce quiz a été pris 16 fois
  • Le résultat moyen est 3 sur 10

Statistiques - réponses

indicesRéponses% Correct
12 juin: Premier essai public de cet ancêtre du vélodraisienne
69%
4 mars: Ce principe de droit anglais, protégeant l'individu de l'emprisonnement sans jugement, est suspendu (pour 4 ans)Habeas Corpus
46%
11 juin: Un nouveau C... pour remplacer celui de 1801 est projeté.Concordat
31%
30 novembre: Les Etats-Unis entrent en guerre contre ce peuple indigèneSéminole
31%
26 décembre: Le territoire de ces indigènes, auparavant espagnol, est occupé par les américainsFloride
31%
Février: nouvelle loi censitaire: combien de français environ peuvent ils voter ? .90000
23%
20 juin: Séparée de mon mari, je deviens la "bonne duchesse" de Parme ...Marie-Louise d'Autriche
23%
25 août: Les serfs de cette région, actuelle Lettonie, sont affranchisCourlande
23%
20 septembre: Aux élections législatives, ce courant politique marque une nette avancée.Libéraux
23%
6 novembre: Suite à des années de guerre, cette province obtient un statut de quasi indépendance au sein de l'empire ottoman.Serbie
8%

Distribution des résultats

Percentile par nombre de réponses

% des personnes avec chaque résultat

Votre développement - résultats

Vous n’avez pas pris ce quiz